000 00923nam a2200217Ia 4500
001 6997
003 GE_BSU
008 181216s||||||||xx |||||||||||||| ||und||
040 _cGE_BSU
080 _a621.83(035.3)
100 _aАртоболевский,И.И.
245 _aМеханизмы в современной технике в 7 томах. Т.3:Рычажно-кулачковые, рычажно-зубчатые, рычажно-храповые, рычажно-клиновые и винто-рычажны механизмы. механизми с гибкими и упругими звенями.
245 _bСправочнае пособие.
245 _cРед. Б.Н.Скляднев.
260 _aМ.
260 _bНаука.
260 _c1979.
300 _a416стр. с илл.
653 _aМеханизмы в современной технике в 7 томах.
942 _cBK
999 _c40389
_d40389